| 000 | 00747nam a22002177a 4500 | ||
|---|---|---|---|
| 005 | 20100806121157.0 | ||
| 010 | _aENG-98496 | ||
| 020 |
_a8187134321 _c545.00 |
||
| 020 |
_a9788187134329 _c545.00 |
||
| 035 | _aEN-82029 | ||
| 037 | _bDBAD/PUB | ||
| 082 | _a540 | ||
| 100 |
_aDas. Asim k _97563 |
||
| 245 |
_aEnvironmental chemistry with green chemistry / _cby Asim K. Das |
||
| 260 |
_aKolkata _bBooks and Allied _c2010 |
||
| 270 |
_aNo.1-E(1) Shubham plaza 1st Floor 83/1, Beliaghata Main Road _bKolkata _e700010 |
||
| 300 |
_avarious pagings _c24cm (Hb) |
||
| 500 | _aIncludes index | ||
| 942 |
_2ddc _cEN _h540 _mDAS |
||
| 999 |
_c39692 _d39692 |
||